[Event "BCF-chT2 2324 (4NCL)"]
[Site "England"]
[Date "2023.11.11"]
[Round "2.36"]
[White "Paterson, Andrew I"]
[Black "Blake, J Morgan"]
[Result "1-0"]
[WhiteElo "2004"]
[BlackElo "1984"]
[PlyCount "129"]
[EventDate "2023.11.11"]
[EventType "team-tourn"]
[EventRounds "11"]
[EventCountry "ENG"]
[SourceTitle "CB46_2023"]
[SourceDate "2023.11.15"]
[SourceVersion "1"]
[SourceVersionDate "2023.11.15"]
[SourceQuality "1"]
[WhiteTeam "Warwicks Select"]
[BlackTeam "Sussex Martlets"]
[WhiteTeamCountry "ENG"]
[BlackTeamCountry "ENG"]

1. d4 d5 2. Nf3 Nf6 3. c4 e6 4. Nc3 Be7 5. e3 0-0 6. Bd3 dxc4 7. Bxc4 a6 8. 0-0 b5 9. Bd3 Bb7 10. b3 Nbd7 11. Bb2 c5 12. Rc1 cxd4 13. Nxd4 Nc5 14. Bb1 b4 15. Nce2 Qb6 16. f3 Nd5 17. Qd2 Rfd8 18. Kh1 Bf8 19. e4 Ne7 20. Qg5 Ng6 21. Rfd1 e5 22. Nf5 Ne6 23. Qg3 Qb5 24. Qe1 Bc5 25. Neg3 a5 26. Nf1 Qb6 27. N1e3 Nd4 28. Nc4 Qa7 29. Rd2 a4 30. bxa4 Ba6 31. Na5 Qb6 32. Nb3 Nxb3 33. axb3 Rxd2 34. Qxd2 Rd8 35. Qc2 Bd3 36. Qxc5 Qxc5 37. Rxc5 Bxb1 38. Ne3 Rd3 39. Rc8+ Nf8 40. Bc1 Rxb3 41. Kg1 f6 42. Nd5 Kf7 43. Bd2 Ne6 44. Bxb4 Ba2 45. Rc1 Rb1 46. Rxb1 Bxb1 47. a5 Bd3 48. Bd6 Ba6 49. Nb4 Bb7 50. a6 Ba8 51. a7 Nf4 52. Kf2 Ke6 53. Bf8 Kf7 54. Bc5 Ke8 55. g3 Ne6 56. Nd5 Nxc5 57. Nc7+ Kd7 58. Nxa8 Na4 59. Nc7 Nb6 60. a8Q Nxa8 61. Nxa8 Kc6 62. f4 Kb7 63. Kf3 Kxa8 64. fxe5 fxe5 65. Kg4 1-0

[Event "BCF-chT 2122 (4NCL)"]
[Site "England"]
[Date "2022.05.01"]
[Round "8.94"]
[White "Willson, Ollie"]
[Black "Paterson, Andrew I"]
[Result "1/2-1/2"]
[WhiteElo "2094"]
[BlackElo "2046"]
[PlyCount "117"]
[EventDate "2021.11.27"]
[EventType "team-swiss"]
[EventRounds "11"]
[EventCountry "ENG"]
[SourceTitle "EXT 2023"]
[Source "ChessBase"]
[SourceDate "2022.10.05"]
[SourceVersion "1"]
[SourceVersionDate "2022.10.05"]
[SourceQuality "1"]
[WhiteTeam "Sussex Martlets"]
[BlackTeam "Warwicks Select"]
[WhiteTeamCountry "ENG"]
[BlackTeamCountry "ENG"]

1. d4 g6 2. c4 Bg7 3. Nf3 Nf6 4. Nc3 0-0 5. e4 d6 6. h3 e5 7. d5 a5 8. g4 Na6 9. Be3 Nd7 10. Qd2 Ndc5 11. Be2 a4 12. Rg1 c6 13. h4 Kh8 14. h5 gxh5 15. g5 f5 16. gxf6 Bxf6 17. Ng5 Nb4 18. Bxh5 Nbd3+ 19. Kd1 Qe7 20. Be2 Nf4 21. Nf3 Bd7 22. Ne1 Be8 23. Nd3 Ncxd3 24. Bxd3 Bg6 25. Kc2 Bg7 26. Rac1 Qf6 27. Kb1 Rfb8 28. Ne2 cxd5 29. cxd5 Nxd3 30. Qxd3 Qf3 31. Ng3 Bh6 32. Rc7 Rg8 33. Rd1 Bxe3 34. Nf5 Bxf5 35. exf5 Rac8 36. Rxc8 Rxc8 37. fxe3 Rg8 38. Rf1 Qh5 39. Qc4 Qe8 40. f6 Rf8 41. a3 Qd7 42. Qh4 Rf7 43. Qg5 Rf8 44. Rg1 Rc8 45. e4 Qf7 46. Qf5 Rg8 47. Rxg8+ Kxg8 48. Qc8+ Qf8 49. Qe6+ Kh8 50. Kc2 h5 51. Kd3 b5 52. Ke2 Qg8 53. Kf3 Qg5 54. Qe8+ Kh7 55. Qe7+ Kh8 56. Qf8+ Kh7 57. Qf7+ Kh8 58. Qe8+ Kh7 59. Qe7+ 1/2-1/2

[Event "BCF-chT 2122 (4NCL)"]
[Site "England"]
[Date "2022.03.26"]
[Round "5.134"]
[White "Kemp, Peter"]
[Black "Paterson, Andrew I"]
[Result "0-1"]
[WhiteElo "2118"]
[BlackElo "2046"]
[PlyCount "52"]
[EventDate "2021.11.27"]
[EventType "team-swiss"]
[EventRounds "11"]
[EventCountry "ENG"]
[SourceTitle "EXT 2023"]
[Source "ChessBase"]
[SourceDate "2022.10.05"]
[SourceVersion "1"]
[SourceVersionDate "2022.10.05"]
[SourceQuality "1"]
[WhiteTeam "Celtic Tigers"]
[BlackTeam "Warwicks Select"]
[WhiteTeamCountry "ENG"]
[BlackTeamCountry "ENG"]

1. c4 e5 2. Nc3 Nc6 3. g3 f5 4. Bg2 Nf6 5. e3 Bb4 6. Nge2 0-0 7. 0-0 d6 8. b3 Ne7 9. Bb2 c6 10. d4 e4 11. d5 Ng4 12. Nxe4 fxe4 13. Bxe4 Qe8 14. h3 Nf6 15. Bg2 Bc5 16. Nf4 Ng6 17. Nd3 Bb6 18. Rc1 cxd5 19. cxd5 Bf5 20. Nb4 Be4 21. Bxe4 Nxe4 22. Bd4 Ne5 23. Bxb6 Nf3+ 24. Kg2 axb6 25. Qd3 Qg6 26. Rc7 Nfd2 0-1

[Event "Leamington Spa 4NCL op 26th"]
[Site "Leamington Spa"]
[Date "2021.09.12"]
[Round "4"]
[White "Paterson, Andrew I"]
[Black "Bezuidenhout, Roland Reinhold"]
[Result "0-1"]
[WhiteElo "2058"]
[BlackElo "2196"]
[PlyCount "96"]
[EventDate "2021.09.10"]
[EventType "swiss"]
[EventRounds "5"]
[EventCountry "ENG"]
[SourceTitle "CBM 204 Extra"]
[Source "ChessBase"]
[SourceDate "2021.11.30"]
[SourceVersion "1"]
[SourceVersionDate "2021.11.30"]
[SourceQuality "1"]

1. g3 e5 2. Bg2 Nc6 3. c4 Nf6 4. Nc3 Bb4 5. Nd5 Bc5 6. d3 Nxd5 7. cxd5 Ne7 8. Qc2 Bb6 9. a4 a5 10. e3 c6 11. dxc6 bxc6 12. Ne2 0-0 13. 0-0 d5 14. Bd2 Ba6 15. Rfe1 Rc8 16. b4 axb4 17. Bxb4 c5 18. Bd2 c4 19. d4 Nc6 20. dxe5 Nxe5 21. Bc3 Nd3 22. Reb1 Rc6 23. Nd4 Rf6 24. Rf1 h5 25. Qe2 h4 26. Nf3 hxg3 27. hxg3 Rh6 28. Nd4 Qg5 29. Qf3 Rh7 30. Rfb1 Bxd4 31. Bxd4 c3 32. Rb6 Bc4 33. Bxc3 f6 34. g4 Ne5 35. Qg3 Nxg4 36. Rb8 Rxb8 37. Qxb8+ Kf7 38. Qc7+ Kg6 39. Qg3 Bd3 40. a5 Be4 41. Bxe4+ dxe4 42. a6 Qh5 43. Kf1 Qb5+ 44. Kg1 Qh5 45. Qg2 Kf7 46. a7 Nh2 47. a8Q Nf3+ 48. Kf1 Qb5# 0-1

[Event "Leamington Spa 4NCL op 25th"]
[Site "Leamington Spa"]
[Date "2021.07.10"]
[Round "2"]
[White "Adams, Mark"]
[Black "Paterson, Andrew I"]
[Result "1/2-1/2"]
[WhiteElo "1944"]
[BlackElo "2046"]
[PlyCount "59"]
[EventDate "2021.07.09"]
[EventType "swiss"]
[EventRounds "5"]
[EventCountry "ENG"]
[SourceTitle "CBM 203 Extra"]
[Source "ChessBase"]
[SourceDate "2021.09.30"]
[SourceVersion "1"]
[SourceVersionDate "2021.09.30"]
[SourceQuality "1"]

1. e4 c5 2. Nf3 Nc6 3. d4 cxd4 4. Nxd4 e5 5. Nb5 d6 6. c4 Be7 7. N1c3 a6 8. Na3 f5 9. exf5 Bxf5 10. Nc2 Nf6 11. Be2 0-0 12. 0-0 Qd7 13. Ne3 Be6 14. Ned5 Rae8 15. Be3 Bd8 16. f3 Ne7 17. Nxf6+ gxf6 18. Ne4 Nc8 19. Qd2 Kh8 20. Rfd1 Bc7 21. Rac1 Qf7 22. Kh1 Rg8 23. Bf1 Rd8 24. Qf2 Qg6 25. b3 Ne7 26. Bb6 Bxb6 27. Qxb6 Nf5 28. Nxd6 Nd4 29. Ne4 Rde8 30. Qb4 1/2-1/2

[Event "BCF-chT4S 1819 (4NCL)"]
[Site "England"]
[Date "2019.04.14"]
[Round "8.51"]
[White "Paterson, Andrew I"]
[Black "McMahon, Paul"]
[Result "0-1"]
[WhiteElo "2065"]
[BlackElo "1892"]
[PlyCount "66"]
[EventDate "2018.11.17"]
[EventType "team-swiss"]
[EventRounds "11"]
[EventCountry "ENG"]
[SourceTitle "EXT 2021"]
[Source "ChessBase"]
[SourceDate "2020.10.23"]
[SourceVersion "1"]
[SourceVersionDate "2020.10.23"]
[SourceQuality "1"]
[WhiteTeam "Warwicks Select II"]
[BlackTeam "Poisoned Pawns Next Generation"]
[WhiteTeamCountry "ENG"]
[BlackTeamCountry "ENG"]

1. g3 d5 2. Bg2 Nf6 3. Nf3 Bg4 4. 0-0 Nbd7 5. h3 Bxf3 6. exf3 e6 7. d4 c5 8. f4 cxd4 9. Qxd4 Bc5 10. Qd3 0-0 11. Nd2 Rc8 12. c4 dxc4 13. Nxc4 Qc7 14. Be3 Rfd8 15. Qe2 Nd5 16. Bxc5 Qxc5 17. Na3 N7f6 18. Rfd1 a6 19. Rd2 b5 20. Rad1 Rc7 21. f5 Qb6 22. fxe6 fxe6 23. Nc2 Rcd7 24. Ne1 h6 25. Nf3 Ne7 26. Ne5 Rxd2 27. Rxd2 Rxd2 28. Qxd2 Ned5 29. Qc2 Qc7 30. Qe2 Qc1+ 31. Kh2 Qc5 32. a3 Qc7 33. h4 Qxe5 0-1

[Event "BCF-chT4S 1819 (4NCL)"]
[Site "England"]
[Date "2019.04.13"]
[Round "7.61"]
[White "Gilbert, Jonathan A"]
[Black "Paterson, Andrew I"]
[Result "0-1"]
[WhiteElo "2025"]
[BlackElo "2065"]
[PlyCount "76"]
[EventDate "2018.11.17"]
[EventType "team-swiss"]
[EventRounds "11"]
[EventCountry "ENG"]
[SourceTitle "EXT 2021"]
[Source "ChessBase"]
[SourceDate "2020.10.23"]
[SourceVersion "1"]
[SourceVersionDate "2020.10.23"]
[SourceQuality "1"]
[WhiteTeam "The Full Ponty"]
[BlackTeam "Warwicks Select II"]
[WhiteTeamCountry "WLS"]
[BlackTeamCountry "ENG"]

1. e4 c5 2. Nf3 Nc6 3. d4 cxd4 4. Nxd4 e5 5. Nb5 d6 6. a4 Be7 7. N1c3 a6 8. Na3 Nf6 9. Nc4 Nxe4 10. Nxe4 d5 11. Ned2 dxc4 12. Bxc4 Bf5 13. c3 0-0 14. 0-0 Qc7 15. Qf3 Bg6 16. Ba2 Kh8 17. Ne4 Rad8 18. Be3 Na5 19. Rad1 Nc4 20. Bc1 h6 21. Ng3 Nd6 22. Qe2 Qa5 23. Bb3 Qb6 24. Bd5 Qa5 25. Bb3 e4 26. Rd5 Qb6 27. Ba2 f5 28. Rfd1 f4 29. Nh5 Bg5 30. Qg4 e3 31. Rxg5 hxg5 32. Qh3 Bf5 33. Qf3 exf2+ 34. Kh1 Ne4 35. Rf1 Rd6 36. h4 Rg6 37. hxg5 Rxg5 38. Nxf4 Ng3+ 0-1

[Event "Coventry Warwickshire op"]
[Site "Coventry"]
[Date "2019.02.23"]
[Round "3"]
[White "Paterson, Andrew I"]
[Black "Miller, Dominic"]
[Result "0-1"]
[WhiteElo "2034"]
[BlackElo "2063"]
[PlyCount "96"]
[EventDate "2019.02.22"]
[EventType "swiss"]
[EventRounds "5"]
[EventCountry "ENG"]
[SourceTitle "CBM 189 Extra"]
[Source "ChessBase"]
[SourceDate "2019.06.03"]
[SourceVersion "1"]
[SourceVersionDate "2019.06.03"]
[SourceQuality "1"]

1. g3 Nf6 2. Bg2 d5 3. Nf3 g6 4. 0-0 Bg7 5. d4 0-0 6. c3 c6 7. Ne5 Ng4 8. Nd3 Nd7 9. Nd2 Re8 10. e4 dxe4 11. Nxe4 Ngf6 12. Nxf6+ Nxf6 13. Bf4 Qb6 14. Qb3 Be6 15. Qa3 Bc4 16. Rfd1 Nd7 17. b3 Bxd3 18. Rxd3 e5 19. Be3 exd4 20. cxd4 Nf6 21. d5 Rxe3 22. Rxe3 Nxd5 23. Bxd5 Bxa1 24. Bc4 Bf6 25. Rf3 Qd4 26. Rd3 Qa1+ 27. Kg2 b5 28. Bxf7+ Kxf7 29. Rd7+ Kg8 30. Qd6 Qe5 31. Qxc6 Re8 32. Rxa7 Qe4+ 33. Qxe4 Rxe4 34. a4 bxa4 35. bxa4 Re2 36. Ra8+ Kf7 37. Kf3 Ra2 38. Ke3 Be7 39. Ra7 Ke6 40. Ra6+ Kd5 41. Ra5+ Bc5+ 42. Kf4 Rxf2+ 43. Kg5 Rxh2 44. g4 Rg2 45. Rb5 Kc6 46. Ra5 Be3+ 47. Kh4 Bf4 48. g5 Rxg5 0-1

[Event "Coventry Warwickshire op"]
[Site "Coventry"]
[Date "2019.02.23"]
[Round "2"]
[White "Stepanyan, Henrik"]
[Black "Paterson, Andrew I"]
[Result "1-0"]
[WhiteElo "2181"]
[BlackElo "2034"]
[PlyCount "55"]
[EventDate "2019.02.22"]
[EventType "swiss"]
[EventRounds "5"]
[EventCountry "ENG"]
[SourceTitle "CBM 189 Extra"]
[Source "ChessBase"]
[SourceDate "2019.06.03"]
[SourceVersion "1"]
[SourceVersionDate "2019.06.03"]
[SourceQuality "1"]

1. d4 d5 2. Nf3 e6 3. c4 c6 4. Nc3 dxc4 5. g3 b5 6. Bg2 Bb7 7. Ne5 Qc8 8. 0-0 Nd7 9. Ne4 Ngf6 10. Ng5 Nxe5 11. dxe5 Nd7 12. Qd4 Qc7 13. Qf4 Nxe5 14. Nxf7 Qxf7 15. Qxe5 Rd8 16. a4 Bd6 17. Qe3 a6 18. axb5 axb5 19. Ra7 0-0 20. Bxc6 Bxc6 21. Rxf7 Kxf7 22. Qb6 Rc8 23. Rd1 Be7 24. Bf4 Kg8 25. Qe3 Bf6 26. Be5 Bd8 27. Bc3 Bd5 28. Rxd5 1-0

[Event "BCF-chT2a 1819 (4NCL)"]
[Site "England"]
[Date "2018.11.11"]
[Round "2.47"]
[White "Paterson, Andrew I"]
[Black "Ther, Mate T"]
[Result "1-0"]
[WhiteElo "2050"]
[BlackElo "1952"]
[PlyCount "81"]
[EventDate "2018.11.10"]
[EventType "team-tourn"]
[EventRounds "11"]
[EventCountry "ENG"]
[SourceTitle "EXT 2021"]
[Source "ChessBase"]
[SourceDate "2020.10.23"]
[SourceVersion "1"]
[SourceVersionDate "2020.10.23"]
[SourceQuality "1"]
[WhiteTeam "Warwicks Select"]
[BlackTeam "Bradford DCA Knights"]
[WhiteTeamCountry "ENG"]
[BlackTeamCountry "ENG"]

1. g3 e5 2. Bg2 d5 3. d4 e4 4. c4 c6 5. Nc3 Nf6 6. Bg5 Be7 7. e3 h6 8. Bxf6 Bxf6 9. cxd5 cxd5 10. Qb3 Be6 11. Qxb7 Qd7 12. Qxa8 0-0 13. Nxe4 Na6 14. Nxf6+ gxf6 15. Qxf8+ Kxf8 16. a3 Qb5 17. Nf3 Bf5 18. Nh4 Bd3 19. Rd1 Bc2 20. Rd2 Qxb2 21. 0-0 Qc3 22. Nf3 Be4 23. Ra2 Nc7 24. Raa1 Nb5 25. a4 Na3 26. Nh4 f5 27. Rfc1 Qb2 28. Bxe4 fxe4 29. Nf5 Ke8 30. Nxh6 Qb3 31. Ng4 Ke7 32. Rc7+ Ke6 33. Rxa7 Qb2 34. Ra6+ Ke7 35. Rf1 Qe2 36. Ra7+ Ke6 37. Ne5 f6 38. Ng6 Qg4 39. Nf4+ Kf5 40. h3 Qg8 41. Rd7 1-0

[Event "North Wales op 3rd"]
[Site "Llandudno"]
[Date "2018.06.24"]
[Round "4"]
[White "Paterson, Andrew I"]
[Black "Gogia, Armaan"]
[Result "1-0"]
[WhiteElo "2020"]
[BlackElo "1679"]
[PlyCount "69"]
[EventDate "2018.06.22"]
[EventType "swiss"]
[EventRounds "5"]
[EventCountry "WLS"]
[SourceTitle "EXT 2020"]
[Source "ChessBase"]
[SourceDate "2019.10.17"]
[SourceVersion "1"]
[SourceVersionDate "2019.10.17"]
[SourceQuality "1"]

1. d4 Nf6 2. c4 g6 3. Nc3 Bg7 4. e4 d6 5. Nf3 0-0 6. Be2 e5 7. 0-0 Nc6 8. d5 Ne7 9. Ne1 Nd7 10. f3 f5 11. g4 f4 12. b4 a5 13. bxa5 Rxa5 14. a4 Nc5 15. Ba3 Bd7 16. Bb4 Ra8 17. Nd3 b6 18. Qc2 Nc8 19. Rfb1 h5 20. gxh5 Qg5+ 21. Kh1 Qxh5 22. Rg1 Kf7 23. Bd1 Rh8 24. Bxc5 dxc5 25. Nb5 Bxb5 26. cxb5 Nd6 27. Rg2 Nxb5 28. Nxc5 Nd4 29. Qc4 bxc5 30. d6+ Kf6 31. dxc7 Nxf3 32. Raa2 Qh4 33. Bxf3 Qe1+ 34. Rg1 Rxh2+ 35. Rxh2 1-0

[Event "North Wales op 3rd"]
[Site "Llandudno"]
[Date "2018.06.23"]
[Round "2"]
[White "Makkar, Rajat"]
[Black "Paterson, Andrew I"]
[Result "1/2-1/2"]
[WhiteElo "1835"]
[BlackElo "2020"]
[PlyCount "78"]
[EventDate "2018.06.22"]
[EventType "swiss"]
[EventRounds "5"]
[EventCountry "WLS"]
[SourceTitle "EXT 2020"]
[Source "ChessBase"]
[SourceDate "2019.10.17"]
[SourceVersion "1"]
[SourceVersionDate "2019.10.17"]
[SourceQuality "1"]

1. d4 d5 2. c4 e6 3. g3 dxc4 4. Qa4+ Nc6 5. Bg2 Qd6 6. Bxc6+ Qxc6 7. Qxc6+ bxc6 8. Nf3 c5 9. dxc5 Bxc5 10. Bf4 Rb8 11. Bxc7 Bb4+ 12. Kf1 Rb7 13. Be5 f6 14. Bc3 e5 15. Nfd2 Bh3+ 16. Ke1 Be6 17. a3 Bxc3 18. bxc3 Ne7 19. a4 0-0 20. e4 Rfb8 21. Na3 Nc8 22. Ke2 Nb6 23. a5 Na4 24. Naxc4 Nxc3+ 25. Kf3 Rb4 26. Ne3 Rd4 27. Rhc1 Rxd2 28. Rxc3 Rbb2 29. Nd1 Ra2 30. Rxa2 Rxa2 31. Rc5 h5 32. Ne3 Ra4 33. Rc6 Bg4+ 34. Nxg4 hxg4+ 35. Kxg4 Rxa5 36. Kf5 Kh7 37. h4 Ra2 38. f4 exf4 39. gxf4 a5 1/2-1/2

[Event "North Wales op 3rd"]
[Site "Llandudno"]
[Date "2018.06.22"]
[Round "1"]
[White "Gamble, Raymond J"]
[Black "Paterson, Andrew I"]
[Result "1-0"]
[WhiteElo "1874"]
[BlackElo "2020"]
[PlyCount "77"]
[EventDate "2018.06.22"]
[EventType "swiss"]
[EventRounds "5"]
[EventCountry "WLS"]
[SourceTitle "EXT 2020"]
[Source "ChessBase"]
[SourceDate "2019.10.17"]
[SourceVersion "1"]
[SourceVersionDate "2019.10.17"]
[SourceQuality "1"]

1. d4 d5 2. Nf3 e6 3. e3 f5 4. c4 c6 5. Nc3 Nf6 6. Ne5 Bd6 7. f4 0-0 8. c5 Be7 9. Be2 b6 10. cxb6 axb6 11. 0-0 Ba6 12. Bxa6 Rxa6 13. b3 Qc7 14. Bb2 Nbd7 15. Qe2 Rfa8 16. a4 Bb4 17. Rfc1 Bxc3 18. Rxc3 Nxe5 19. fxe5 Ne4 20. Rcc1 c5 21. Ba3 Ra5 22. Bb4 R5a6 23. Qb5 Qa7 24. dxc5 bxc5 25. Bxc5 Nxc5 26. Qxc5 Rb6 27. b4 Ra6 28. Qxa7 R6xa7 29. a5 Rb7 30. Ra4 Ra6 31. Rc5 Rba7 32. Ra2 g5 33. Rac2 Kf8 34. Rc8+ Ke7 35. R2c7+ Rxc7 36. Rxc7+ Kd8 37. Rxh7 Rc6 38. b5 Rc5 39. a6 1-0

[Event "BCF-chT3N 1718 (4NCL)"]
[Site "England"]
[Date "2018.05.06"]
[Round "10.11"]
[White "Thorarinsson, Pall A"]
[Black "Paterson, Andrew I"]
[Result "1-0"]
[WhiteElo "2275"]
[BlackElo "2042"]
[PlyCount "45"]
[EventDate "2017.11.11"]
[EventType "team-swiss"]
[EventRounds "11"]
[EventCountry "ENG"]
[SourceTitle "EXT 2020"]
[Source "ChessBase"]
[SourceDate "2019.10.17"]
[SourceVersion "1"]
[SourceVersionDate "2019.10.17"]
[SourceQuality "1"]
[WhiteTeam "Gonzaga"]
[BlackTeam "Warwicks Select II"]
[WhiteTeamCountry "IRL"]
[BlackTeamCountry "ENG"]

1. d4 d5 2. c4 e6 3. Nc3 c6 4. e3 f5 5. Bd3 Nf6 6. Nge2 Bd6 7. f3 0-0 8. Qc2 Kh8 9. b3 Na6 10. a3 dxc4 11. bxc4 c5 12. 0-0 cxd4 13. exd4 e5 14. c5 Bb8 15. Bxa6 bxa6 16. d5 Nxd5 17. Rd1 Nxc3 18. Rxd8 Nxe2+ 19. Qxe2 Rxd8 20. Bg5 Re8 21. Rd1 Bc7 22. Qc4 Rb8 23. Qf7 1-0

[Event "BCF-chT3N 1718 (4NCL)"]
[Site "England"]
[Date "2018.05.05"]
[Round "9.32"]
[White "Paterson, Andrew I"]
[Black "Boswell, Jacob Connor"]
[Result "1/2-1/2"]
[WhiteElo "2042"]
[BlackElo "1840"]
[PlyCount "96"]
[EventDate "2017.11.11"]
[EventType "team-swiss"]
[EventRounds "11"]
[EventCountry "ENG"]
[SourceTitle "EXT 2020"]
[Source "ChessBase"]
[SourceDate "2019.10.17"]
[SourceVersion "1"]
[SourceVersionDate "2019.10.17"]
[SourceQuality "1"]
[WhiteTeam "Warwicks Select II"]
[BlackTeam "Cheddleton II"]
[WhiteTeamCountry "ENG"]
[BlackTeamCountry "ENG"]

1. Nf3 e6 2. e4 d5 3. exd5 exd5 4. d4 c5 5. Bb5+ Bd7 6. Bxd7+ Nxd7 7. 0-0 Ngf6 8. Nc3 Be7 9. Bf4 0-0 10. h3 Re8 11. Nb5 Bf8 12. Nc7 Re4 13. Be5 Nxe5 14. dxe5 Qxc7 15. exf6 d4 16. Qd3 Rae8 17. fxg7 Bxg7 18. b3 Qf4 19. a4 Bf8 20. g3 Qh6 21. Kg2 Qc6 22. Kh2 Re2 23. Qf5 R8e3 24. Ng1 Rd2 25. Rad1 Rxd1 26. Rxd1 Rc3 27. Re1 Qg6 28. Qxg6+ hxg6 29. Re2 d3 30. cxd3 Rxd3 31. Re3 Rxe3 32. fxe3 Bh6 33. e4 a6 34. Kg2 b5 35. axb5 axb5 36. Kf3 Kg7 37. Ke2 c4 38. bxc4 bxc4 39. Nf3 Kf6 40. Kd1 Ke6 41. Kc2 Kd6 42. Kc3 Kc5 43. h4 f5 44. exf5 gxf5 45. h5 Bg7+ 46. Kc2 Kd5 47. Nh4 Ke4 48. h6 Bxh6 1/2-1/2

[Event "North Wales op"]
[Site "Llandudno"]
[Date "2017.07.02"]
[Round "4"]
[White "Paterson, Andrew I"]
[Black "Dineley, Richard"]
[Result "0-1"]
[WhiteElo "2077"]
[BlackElo "2269"]
[PlyCount "56"]
[EventDate "2017.06.30"]
[EventType "swiss"]
[EventRounds "5"]
[EventCountry "WLS"]
[SourceTitle "EXT 2019"]
[Source "ChessBase"]
[SourceDate "2018.10.10"]
[SourceVersion "1"]
[SourceVersionDate "2018.10.10"]
[SourceQuality "1"]

1. c4 c5 2. Nc3 Nc6 3. g3 g6 4. Bg2 Bg7 5. d3 a6 6. Nf3 Rb8 7. a4 d6 8. 0-0 Nf6 9. e4 0-0 10. h3 Ne8 11. Be3 Nd4 12. Bxd4 cxd4 13. Ne2 e5 14. a5 b6 15. axb6 Qxb6 16. Ra2 Nc7 17. Qa1 Ne6 18. Qb1 Nc5 19. Rd1 a5 20. Qc2 a4 21. Nd2 Bd7 22. Rb1 Qc7 23. Ra3 Rb4 24. Nc1 Bh6 25. Kh2 Rfb8 26. Na2 R4b6 27. b4 axb3 28. Nxb3 Ba4 0-1

[Event "North Wales op"]
[Site "Llandudno"]
[Date "2017.07.02"]
[Round "5"]
[White "Rahulan, Thivyaa"]
[Black "Paterson, Andrew I"]
[Result "1/2-1/2"]
[WhiteElo "1623"]
[BlackElo "2077"]
[PlyCount "77"]
[EventDate "2017.06.30"]
[EventType "swiss"]
[EventRounds "5"]
[EventCountry "WLS"]
[SourceTitle "EXT 2019"]
[Source "ChessBase"]
[SourceDate "2018.10.10"]
[SourceVersion "1"]
[SourceVersionDate "2018.10.10"]
[SourceQuality "1"]

1. e4 c5 2. c3 Nf6 3. e5 Nd5 4. d4 cxd4 5. Nf3 Nc6 6. cxd4 d6 7. Bc4 Nb6 8. Bb3 dxe5 9. Nxe5 Nxe5 10. dxe5 Qxd1+ 11. Bxd1 e6 12. f4 Bd7 13. Bf3 Rc8 14. Nc3 Bb4 15. Bd2 Bc6 16. Bxc6+ Rxc6 17. Nb5 Bxd2+ 18. Kxd2 Ke7 19. Rac1 Nc4+ 20. Ke2 a6 21. Nd4 Rcc8 22. b3 Nb6 23. g3 Nd5 24. Kd2 Rcd8 25. Rc4 Rd7 26. Rhc1 h5 27. Ke2 h4 28. Kf3 f6 29. exf6+ gxf6 30. Re1 hxg3 31. Rxe6+ Kf7 32. hxg3 Nxf4 33. gxf4 Rxd4 34. Rxf6+ Kxf6 35. Rxd4 Rh2 36. Rd7 Rxa2 37. Rxb7 Ra1 38. Rb6+ Kf5 39. Rc6 1/2-1/2

[Event "North Wales op"]
[Site "Llandudno"]
[Date "2017.07.01"]
[Round "3"]
[White "Paterson, Andrew I"]
[Black "Bryant, Richard BE"]
[Result "1-0"]
[WhiteElo "2077"]
[BlackElo "1976"]
[PlyCount "73"]
[EventDate "2017.06.30"]
[EventType "swiss"]
[EventRounds "5"]
[EventCountry "WLS"]
[SourceTitle "EXT 2019"]
[Source "ChessBase"]
[SourceDate "2018.10.10"]
[SourceVersion "1"]
[SourceVersionDate "2018.10.10"]
[SourceQuality "1"]

1. d4 d5 2. c4 c6 3. cxd5 cxd5 4. Nc3 Nf6 5. Nf3 e6 6. Bf4 Nc6 7. e3 a6 8. Rc1 Be7 9. h3 0-0 10. Bd3 Bd7 11. 0-0 Rc8 12. Bb1 Nh5 13. Bh2 f5 14. Na4 b6 15. Qb3 b5 16. Nc5 Na5 17. Qa3 Ra8 18. Qd3 Nc4 19. b3 Bxc5 20. dxc5 Na5 21. Bd6 Re8 22. g4 Nf6 23. gxf5 exf5 24. Be5 f4 25. Bxf6 Qxf6 26. Qxh7+ Kf7 27. Qh5+ Ke7 28. exf4 Be6 29. Rfe1 Kd7 30. Rxe6 Rxe6 31. Qxd5+ Ke7 32. Qxa8 Qxf4 33. Rd1 Nc6 34. Qg8 Qxf3 35. Qxg7+ Ke8 36. Bg6+ Rxg6+ 37. Qxg6+ 1-0

[Event "BCF-chT2 1617 (4NCL) Demotion pool"]
[Site "England"]
[Date "2017.05.01"]
[Round "11.54"]
[White "Lunn, Matthew"]
[Black "Paterson, Andrew I"]
[Result "1-0"]
[WhiteElo "2081"]
[BlackElo "2125"]
[PlyCount "67"]
[EventDate "2016.11.19"]
[EventType "team-tourn"]
[EventRounds "11"]
[EventCountry "ENG"]
[SourceTitle "EXT 2019"]
[Source "ChessBase"]
[SourceDate "2018.10.10"]
[SourceVersion "1"]
[SourceVersionDate "2018.10.10"]
[SourceQuality "1"]
[WhiteTeam "KJCA Kings"]
[BlackTeam "Warwicks Select II"]
[WhiteTeamCountry "ENG"]
[BlackTeamCountry "ENG"]

1. d4 f5 2. g3 Nf6 3. Bg2 e6 4. Nf3 Be7 5. 0-0 0-0 6. c4 d6 7. Nc3 Ne4 8. Nxe4 fxe4 9. Nd2 d5 10. f3 Nc6 11. fxe4 Rxf1+ 12. Nxf1 dxc4 13. Be3 Bd7 14. Qc2 b5 15. Rd1 Qe8 16. b3 Nb4 17. Qb1 a5 18. a3 Na6 19. bxc4 bxc4 20. e5 Rb8 21. Qc2 Bxa3 22. Qxc4 Bb5 23. Qa2 Bb4 24. Bh3 Bd7 25. Qc4 Bc8 26. d5 exd5 27. Qxd5+ Kh8 28. Bxc8 Rxc8 29. e6 c5 30. Qe5 Nb8 31. Bh6 Qg8 32. e7 Nc6 33. Bxg7+ Qxg7 34. e8Q+ 1-0

[Event "BCF-chT2a 1617 (4NCL)"]
[Site "England"]
[Date "2016.11.20"]
[Round "2.43"]
[White "Prizant, Michael"]
[Black "Paterson, Andrew I"]
[Result "0-1"]
[WhiteElo "2140"]
[BlackElo "2080"]
[PlyCount "58"]
[EventDate "2016.11.19"]
[EventType "team-tourn"]
[EventRounds "11"]
[EventCountry "ENG"]
[SourceTitle "EXT 2019"]
[Source "ChessBase"]
[SourceDate "2018.10.10"]
[SourceVersion "1"]
[SourceVersionDate "2018.10.10"]
[SourceQuality "1"]
[WhiteTeam "The ADS"]
[BlackTeam "Warwicks Select II"]
[WhiteTeamCountry "ENG"]
[BlackTeamCountry "ENG"]

1. e4 c5 2. c3 Nf6 3. e5 Nd5 4. d4 cxd4 5. Nf3 Nc6 6. cxd4 d6 7. a3 g6 8. Bc4 Nb6 9. Bb5 dxe5 10. Nxe5 Bd7 11. Bxc6 Bxc6 12. Nxc6 bxc6 13. Be3 Bg7 14. Nc3 0-0 15. 0-0 e6 16. Rc1 Rc8 17. Ne2 Nd5 18. Nc3 Qb6 19. b4 Nxe3 20. fxe3 e5 21. Na4 Qa6 22. dxe5 Rcd8 23. Qb3 Rd3 24. Rc3 Rxc3 25. Nxc3 Qd3 26. Rb1 Qxe3+ 27. Kh1 Bxe5 28. Na4 Qf4 29. Qh3 Rd8 0-1